| 000 | 00738nam a2200229Ia 4500 | ||
|---|---|---|---|
| 001 | 9073 | ||
| 003 | GE_BSU | ||
| 008 | 181216s||||||||xx |||||||||||||| ||und|| | ||
| 040 | _cGE_BSU | ||
| 080 | _a821.353.2-1 | ||
| 100 | _aლომაია,კონსტანტინე | ||
| 245 | _aელვის კვალი | ||
| 245 | _bაფხაზი პოეტის ლექსები | ||
| 245 | _cრედ:ელ.უბილავა;მხატვ:თ.მირზაშვილი | ||
| 260 | _aთბილისი. | ||
| 260 | _bნაკადული. | ||
| 260 | _c1965. | ||
| 300 | _a69გვ;17სმ. | ||
| 653 | _aელვის კვალი. | ||
| 653 | _aლექსები | ||
| 942 | _cBK | ||
| 999 |
_c42377 _d42377 |
||